000
00273 a2200097 4500
001
33550
100
_a
Chapra,S.C
245
_a
Applied Numerical Methods wiht MATLAB for Engineers & Scientists
260
_a
Boston
_b
McGraw-Hill (Higher Education)
_c
090
_c
22321
_d
22321
942
_a
NUST-CAE
_c
M
_c
13694
999
_c
268623
_d
268623